000 00862cab a2200277 4500
001 WB3234-45
008 090401t1996 xxu||||| |||| 00| 0 eng d
035 _a(Sirsi) u56729
041 _aeng
245 _aChinese property conference
260 _c1996
350 _a0
490 _aRICS Press Release
_v(PR111/96) 6 September 1996 (2)
520 _aThe future of China`s land and property assets in its new market economy will be discussed at the Sino-British Land Conference in Beijing on 9-10 September 1996.
650 _aBEIJING
650 _aCHINA
650 _aODA
650 _aOVERSEAS DEVELOPMENT ADMINISTRATION
650 _aRICS
650 _aSINO-BRITISH LAND CONFERENCE
650 _aUNIVERSITY OF GREENWICH
650 _aUNIVERSITY OF HONG KONG
690 _aOVERSEAS-REST OF THE WORLD
942 _n0
948 _c04/03/1997
999 _c34626
_d34626